000 01444cam a22003494a 4500
001 15096687
005 20090403071408.0
008 071129s2008 gw a b 000 0 eng d
010 _a 2007942365
020 _a9783790820218
020 _a3790820210
035 _a(OCoLC)ocn191760115
040 _aYDXCP
_cYDXCP
_dBAKER
_dIUL
_dDLC
042 _alccopycat
050 0 0 _aLC65
_b.E254 2008
082 _220
_a374
_bECO
245 0 4 _aThe economics of education and training /
_cChristian Dustmann, Bernd Fitzenberger, Stephen Machin, eds.
260 _aHeidelberg :
_bPhysica,
_cc2008.
300 _avi, 375 p. :
_bill. ;
_c25 cm.
440 0 _aStudies in empirical economics
_94637
504 _aIncludes bibliographical references.
650 0 _aEducation
_xEconomic aspects
_vComparative studies.
_94638
700 1 _aDustmann, Christian.
_94639
700 1 _aFitzenberger, Bernd.
_94640
700 1 _aMachin, Stephen.
_94641
856 4 1 _3Table of contents only
_uhttp://www.loc.gov/catdir/toc/fy0805/2007942365.html
856 4 2 _3Publisher description
_uhttp://www.loc.gov/catdir/enhancements/fy0907/2007942365-d.html
942 _2ddc
_cBB
999 _c11510
_d11510